01947cam a22002894a 45000010009000000050017000090080041000260100017000670200036000840200033001200350024001530400042001770420008002190500022002270820012002492450056002612500012003172600043003293000034003725040051004065050979004576500059014366500053014956500048015486500041015967000020016371679555520170105102908.0110524s2011 nyua b 001 0 eng  a 2011021696 a9780230116924 (hc : alk. paper) a0230116922 (hc : alk. paper) a(OCoLC)ocn704384770 aDLCcDLCdYDXdBTCTAdYDXCPdBWXdDLC apcc00aJV6035b.G57 201100a32522300aGlobal mobility regimes /cedited by Rey Koslowski. a1st ed. aNew York :bPalgrave Macmillan,c2011. axvi, 282 p. :bill. ;c22 cm. aIncludes bibliographical references and index.0 aPreface -- Global mobility regimes -- Part I: International cooperation on migration, refugees and travel. International cooperation on migration and the UN system; the international travel regime; the international refugee regime and issue linkage -- Part II: Securing international travel. International cooperation on border security in the developed world; international cooperation on travel document security in the developed world; border control assistance in states recovering from collapse and conflict; international cooperation on travel document security in the developing world; UN travel bans -- Part III: Realizing an international labor migration regime. Prospects and prescriptions for a global mobility regime: five lessons from the WTO; international labor migration; migration and the global mobility of labor; who's afraid of international migration in the United Nations -- Conclusions: Prospects for cooperation, regime formation and future research. 0aEmigration and immigrationxInternational cooperation. 0aInternational travelxInternational cooperation. 0aBorder securityxInternational cooperation. 0aRefugeesxInternational cooperation.1 aKoslowski, Rey.